| 000 | 00943nam a2200241 i 4500 | ||
|---|---|---|---|
| 001 | 90366 | ||
| 003 | ES-MaACL | ||
| 005 | 20250610161237.0 | ||
| 008 | 050120s1971 sp |||| | spa d | ||
| 100 | 1 |
_aLedesma Ramos, Ramiro, _d1905-1936 _971157 |
|
| 245 | 1 | 3 |
_aEl Quijote y nuestro tiempo _b: (ensayo) / _cRamiro Ledesma Ramos ; [prólogo de Tomás Borrás]. |
| 260 |
_aMadrid : _bVassayo de Mumbert, _c[1971] |
||
| 300 |
_a173 p. ; _c19 cm. |
||
| 490 | 1 | _aBiblioteca literaria Tomás Borrás | |
| 530 | _aDisponible en formato digital. | ||
| 600 | 1 | 4 |
_aCervantes Saavedra, Miguel de, _d1547-1616. _tDon Quijote de la Mancha _937612 |
| 700 | 1 |
_aBorrás, Tomás, _d1891-1976 _930556 |
|
| 830 | 0 |
_aBiblioteca literaria Tomás Borrás _9184558 |
|
| 852 |
_aES-MaACL _jC-42459 |
||
| 852 |
_aES-MaACL _jL-12684 |
||
| 856 |
_uhttp://bdh-rd.bne.es/viewer.vm?id=0000252818&page=1 _zBiblioteca Digital Hispánica |
||
| 999 |
_c90366 _d90366 |
||